Politika USA i dalších vyspělých zemí v ekonomice 21. století

Ekonomický vývoj Spojených štátov v období rozkvetu. Proces globalizácie a západná Európa. Porovnanie využívania najdokonalejšej technológie USA a západnej Európy. Zaostávanie Japonska v oblasti technológií.

Guardado en:
Detalles Bibliográficos
Autor principal: Levora, Josef
Formato: Capítulo de libro
Lenguaje:checo
Materias:
Etiquetas: Agregar Etiqueta
Sin Etiquetas, Sea el primero en etiquetar este registro!

MARC

LEADER 00000naa a2200000 4500
001 r034706
005 20230927120214.6
041 0 |a cze 
044 |a CZ 
245 1 0 |a Politika USA i dalších vyspělých zemí v ekonomice 21. století  |c Josef Levora 
520 |a Ekonomický vývoj Spojených štátov v období rozkvetu. Proces globalizácie a západná Európa. Porovnanie využívania najdokonalejšej technológie USA a západnej Európy. Zaostávanie Japonska v oblasti technológií. 
610 2 0 |a rozvoj hospodársky 
610 2 0 |a politika hospodárska medzinárodná 
610 2 0 |a globalizácia 
610 2 0 |a tempo rastu hospodárskeho 
610 2 0 |a know-how 
610 2 0 |a Japonsko 
610 2 0 |a USA 
610 2 0 |a západná Európa 
610 2 0 |a technológie informačné 
100 1 |a Levora, Josef